00902naa#a2200181#i#4500001001600000005001700016011001400033100004100047102000700088200014400095210023600239215001000475608004500485675005400530700006000584700005200644856002400696RU\\bibl\10031220260514225425.4##a2312-7937##a20250705b2025####ek#y0rusy0150####ca##aRU1#aНОВЫЙ ЭТАП ГОСУДАРСТВЕННОГО УПРАВЛЕНИЯ В СФЕРЕ МИГРАЦИИeЖурнальная статья1#aДомодедовоcВсероссийский институт повышения квалификации сотрудников Министерства внутренних дел Российской Федерацииd2025##a9 с.##aЖурнальная статья2local##aПраво. Юридические науки. 34#1aГришковецgАлексей Алексеевич#1aСавинаgСветлана Игоревна4#avipkmvd.editorum.ru